La Educación física y los hogares del soldado en la cuarta región militar 1940 - 1941
Descripción Física:
139 p. : il., 2 f. plegs. ; 21'5 cm
MARC
| LEADER | 00000nam a2200000Ia 4500 | ||
|---|---|---|---|
| 001 | 11864 | ||
| 008 | 160829s9999 xx 000 0 cat d | ||
| 080 | |a M-2-198 | ||
| 245 | |a La Educación física y los hogares del soldado en la cuarta región militar 1940 - 1941 | ||
| 260 | |a Barcelona : |b (Imp. del Cuerpo del Ejército de Urgel), [s.a.: |b 1941] | ||
| 300 | |a 139 p. : |b il., 2 f. plegs. ; |c 21'5 cm | ||
| 590 | |a Prové de 4462. | ||
| 590 | |a Conté reglaments d'educació física i llars del soldat, la composició de la junta de la temporada 1940-1941 i els reglaments dels diferents esports. | ||
| 650 | |a Exèrcits |x Catalunya |9 46722 | ||
| 650 | 0 | |a Educació física |9 46723 | |
| 901 | |a Arxiu | ||
| 942 | |n 1 | ||
| 952 | |0 0 |1 0 |4 0 |6 M2198 |7 1 |9 53409 |a Arxiu |b Arxiu |d 2016-12-01 |l 0 |o M-2-198 |p 11864 |r 2016-12-01 00:00:00 |w 2016-12-01 |y ARXIU | ||
| 999 | |c 57275 |d 57275 | ||